000 00911nam0a22002531 4500
001 rc\353928
005 20250621042855.0
035 _a(NLR Aleph) 005573648
090 _a6038257
_c6038257
100 _a20030307d1989 |||y0rusy50 ca
101 0 _arus
102 _aRU
105 _ay |||||||||
200 1 _aПути организации самостоятельной работы учащихся на уроках русского языка
_e(Пособие для учителя 4-8-х кл.)
210 _aМ.
_cПрометей
_d1989
215 _a182, [2] с.
_d22
320 _aБиблиогр.: с. 180-183 (71 назв.)
700 1 _aНапольнова
_bТ.В.
_gТамара Васильевна
701 1 _aДесяева
_bН.Д.
_gНаталья Дмитриевна
801 0 _aRU
_bNLR
_gpsbo
801 1 _aRU
_bELAR
_2rusmarc
852 _aNLR
_j90-5/2863
942 _cBOOK
980 _aNB